On This Day: July 9th Quiz Stats

 Plays Quiz Updated Jul 9, 2017

Support Sporcle.
Go Orange.
Score 0/7 Timer 03:00
0 Plays Today
Question Answer Wrong Answers
This tournament, the oldest tennis tournament in the world, begins for the first time.
1877
Wimbledon
91.2%
French Open
3.7%
US Open
2.3%
Australian Open
1.1%
This famous American actor, who had early roles in the films ‘Splash’ and ‘Big’, is born.
1956
Tom Hanks
87.3%
Tom Cruise
5.4%
Gary Sinise
2.3%
Johnny Depp
1.9%
The Allies invade this large Italian island, causing the downfall of Mussolini and forcing Hitler to break off the Battle of Kursk.
1943
Sicily
68.4%
Sardinia
10.8%
Crete
5.8%
Corsica
12.5%
The ______ Amendment to the United States Constitution is ratified, guaranteeing African Americans full citizenship and all persons in the United States due process of law.
1868
14th
50.3%
12th
15.8%
16th
17.9%
18th
15%
Vice President Millard Fillmore becomes President when this man dies suddenly of a stomach-related illness.
1850
Zachary Taylor
47.9%
James K. Polk
12.3%
John Tyler
8.1%
William Henry Harrison
31.4%
The Parliament of Canada passes an act which ultimately leads to the creation of this northernmost territory of Canada.
1993
Nunavut
47.9%
Yukon
31.8%
Manitoba
4.3%
Nova Scotia
11.8%
The Starfish Prime nuclear test is conducted by the United States. It was the largest nuclear test ever conducted ______.
1962
In Outer Space
13.3%
Underground
12.1%
Underwater
50.9%
On American Soil
20%

You're not logged in!

Compare scores with friends on all Sporcle quizzes.
OR
Log In
Forgot?

From the Vault

Those 12 Flags: Currencies

by Flick

This quiz is really on the money.
Remove Ads.
Support Sporcle.
Get the best of Sporcle when you Go Orange. This ad-free experience offers more features, more stats, and more fun while also helping to support Sporcle. Thank you for becoming a member.

Show Comments

Extras

Top Quizzes Today


Score Distribution

Your Account Isn't Verified!

In order to create a playlist on Sporcle, you need to verify the email address you used during registration. Go to your Sporcle Settings to finish the process.

Report this User

Report this user for behavior that violates our Community Guidelines.

Details: